000 01123nam a2200229 i 4500
001 000045338
003 DO-SdBNP
005 20240223141520.0
007 ta
008 150304s2013 dr r acd 00 0 sspadd
020 _a9789945887211
040 _aDO-SdBNP
_bspa
_cBNPHU
_erda
082 4 _222
245 0 3 _aLa crisis educativa y el modelo económico-político en República Dominicana /
_cJuan Bosch... [et al.] ; compilación, Matías Bosch.
264 _aSanto Domingo :
_bFundación Juan Bosch,
_c2013.
300 _a116 p. :
_bil., retrs. ;
_c23 cm.
490 1 _aBosch vive
_v4
504 _aBibliografía : p. 114-116
505 0 _aIntroducción --
_tLa educación es una actividad clasica --
_tCuatro preguntas a Juan Bosch --
_tLa educación desarraigada /
_rMatías Bosch --
_tLimitaciones de la estructura económica para la igual-equidad educativa
_rMaría Barrenese --
_tMotivos libertarios en la escuela dominicana /
_rJuan Miguel Pérez --
_tEl deber es poder: contextos de opresión, escuelas de liberación /
_rJosé Antinoe Fiallo Billini.
700 1 _aBosch, Matías,
_ecompilador
_972665
942 _2ddc
_cLBS1
999 _c44827
_d44827